00484nam a2200193 a 4500001001300000003000900013005001700022008004100039020000900080082001700089100001900106245002700125260002500152300000900177500003500186505001000221650004000231700001900271nice12345678IN_TiNIC20260116012313.0050524s1985 dela grp 000 0 eng  ac3000a261.873bTOT aToth, D Karoly aReorientation to Peace aDelhi bISPCK c1985 a188p aincludes index and biblioraphy2 aIndex aPeace-Religious Aspect-Christianity1 aToth, D Karoly